| 000 | 01415cad a2200277 4500 | ||
|---|---|---|---|
| 001 | L158785 | ||
| 008 | 100215n2013 000 0 eng u | ||
| 020 | _a9781783210305 | ||
| 035 | _a(Sirsi) u158785 | ||
| 041 | _aeng | ||
| 100 | 1 | _aOlsen, Darren | |
| 111 | 2 |
_aConstruction and Building Research Conference _cIIT Delhi, New Delhi _d10-12 September 2013 |
|
| 245 | 0 | 0 |
_aEfficient project delivery (EPD) _bA new contract delivery process _h[electronic resource] |
| 260 |
_aLondon _bRICS _c2013 |
||
| 490 | 0 |
_aCOBRA _v2013 |
|
| 520 | _aA paper presented at the COBRA Conference in New Delhi on 10-12 September 2013. Looks at new approaches to Efficient Project Deliveries (EPD). The aim of EPD is to provide a contracting mechanism that takes advantage of the positive aspects of design-build and refines its inherent redundancies and inefficiencies. In essence EPD allows the architect and owner to discuss and agree upon aesthetic concerns while the contractors and consultants are contractually engaged in order to deliver the project in its most efficient manner. | ||
| 650 | 2 | 4 | _aCONSTRUCTION AND BUILDING RESEARCH CONFERENCE (COBRA) |
| 650 | 2 | 4 | _aPROJECT DELIVERY METHODS |
| 650 | 2 | 4 | _aCONTRACTING |
| 650 | 2 | 4 | _aINTEGRATED PROJECT DELIVERY |
| 650 | 2 | 4 | _aEFFICIENT PROJECT DELIVERY |
| 651 | 4 |
_aUnited States _y1959- |
|
| 690 |
_aProject management _96261 |
||
| 700 | 1 | _aTaylor, Mark | |
| 942 | _n0 | ||
| 999 |
_c115505 _d115505 |
||